Odpowiedź zaczyna się na O - Statystyki

Ogólne statystyki
  • Ten quiz został rozwiązany 109 razy
  • Średni wynik to 12 z 16
Statystyki odpowiedzi
Opis Odpowiedź % Poprawnych
Hodowany zwierzak, znany ze swych wełnianych futer oraz produkowanych mleka i mięsa. Owca
93%
Obszar w pustyni, gdzie występuje woda i roślinność, zapewniając schronienie i zasoby wodne. Oaza
92%
Ptak drapieżny z rodziny jastrzębiowatych, symbol Polski, znany ze swojego imponującego lotu. Orzeł
90%
Polska pisarka, laureatka Nagrody Nobla w dziedzinie literatury za rok 2018 - imię. Olga
86%
Stan charakteryzujący się nadmiernym nagromadzeniem tkanki tłuszczowej w organizmie, co może prowadzić do wielu problemów zdrowotnych. Otyłość
86%
Obszar miejski, na którym znajduje się grupa budynków mieszkalnych i infrastruktura. Osiedle
83%
Inaczej wyraz dźwiękonaśladowczy – figura retoryczna, używana w poezji jako środek stylistyczny. Onomatopeja
82%
Ssak z rodziny koniowatych, znany z charakterystycznego wyglądu i zastosowania jako zwierzę juczne. Osioł
82%
Polska pływaczka, zdobywczyni wielu medali olimpijskich, mistrzostw świata i Europy - imię. Otylia
81%
Zakaźna choroba wirusowa, charakteryzująca się gorączką, katarzem, kaszlem i charakterystyczną wysypką. Odra
76%
Choroba metaboliczna, w której kości stają się osłabione i bardziej podatne na złamania. Osteoporoza
76%
Rodzaj dużego ssaka naczelnego, zamieszkuje Lasy deszczowe na Borneo i Sumatrze. Orangutan
75%
Postawa polegająca na widzeniu i oczekiwaniu pozytywnych aspektów i wyników. Optymizm
72%
Płomień lub gorąca reakcja chemiczna, generująca ciepło i światło. Ogień
67%
Amerykańska prezenterka telewizyjna, producentka, aktorka i filantropka, znana ze swojego talk-show - imię. Oprah
43%
Brytyjski muzyk rockowy, znany jako wokalista zespołu Black Sabbath, a także z solowej kariery muzycznej. Ozzy Osbourne
41%
Nie znaleziono quizów pasujących do podanych kryteriów
Rozkład punktacji
Procent ludzi z każdym wynikiem
Percentyl według liczby udzielonych odpowiedzi
Twoja historia wyników
Nie rozwiązałeś tego quizu